|
|
|
|
| LEADER |
00980nam a2200265 a 4500 |
| 001 |
c000311194 |
| 003 |
CARM |
| 005 |
00000000000000.0 |
| 008 |
911113s1991 enk a 00010 eng |
| 019 |
1 |
|
|a 8591549
|5 LACONCORD2021
|
| 020 |
|
|
|a 0080417183
|
| 035 |
|
|
|a (OCoLC)25712471
|5 LACONCORD2021
|
| 050 |
0 |
0 |
|a TS228.95
|b .H68 1991
|
| 082 |
0 |
0 |
|a 671.52
|2 20
|
| 100 |
1 |
0 |
|a Houldcraft, P. T.
|q (Peter Thomas)
|
| 245 |
1 |
0 |
|a Lasers in materials processing /
|c P.T. Houldcroft.
|
| 260 |
|
|
|a Oxford ;
|a New York :
|b Pergamon Press,
|c [1991]
|
| 300 |
|
|
|a 43 p. ;
|c 30 cm.
|
| 500 |
|
|
|a A supplement to Welding abstracts vol. 4, 1991.
|
| 650 |
|
0 |
|a Laser welding
|x Abstracts.
|
| 650 |
|
0 |
|a Laser beam cutting
|x Abstracts.
|
| 730 |
0 |
0 |
|a Welding abstracts.
|
| 852 |
8 |
|
|b CARM
|h A3:AI03C0
|i F07599
|p 0473216
|f BK
|
| 999 |
f |
f |
|i e0b480ba-723b-5fe9-b1bf-2e9d44301e53
|s 2b297b60-6930-5960-8cb1-6330f6644247
|
| 952 |
f |
f |
|p Can circulate
|a CAVAL
|b CAVAL
|c CAVAL
|d CARM 1 Store
|e F07599
|f A3:AI03C0
|h Other scheme
|i book
|m 0473216
|